Real estate principles : (Record no. 6604)
[ view plain ]
| 000 -LEADER | |
|---|---|
| fixed length control field | 00723nac a22002051u 4500 |
| 020 ## - INTERNATIONAL STANDARD BOOK NUMBER | |
| International Standard Book Number | 0072824638 |
| 082 ## - DEWEY DECIMAL CLASSIFICATION NUMBER | |
| Classification number | 333.332 |
| Item number | LIN |
| 090 ## - LOCALLY ASSIGNED LC-TYPE CALL NUMBER (OCLC); LOCAL CALL NUMBER (OCLC) | |
| -- | 6604 |
| -- | 6604 |
| 100 ## - MAIN ENTRY--PERSONAL NAME | |
| Personal name | Ling, David C. |
| 245 ## - TITLE STATEMENT | |
| Title | Real estate principles : |
| Remainder of title | a value approach / . |
| Statement of responsibility, etc | David C. Ling and Wayne R. Archer |
| 260 ## - PUBLICATION, DISTRIBUTION, ETC. (IMPRINT) | |
| Place of publication, distribution, etc | Boston ; |
| Name of publisher, distributor, etc | McGraw-Hill/Irwin, 2005 |
| Date of publication, distribution, etc | 2005 |
| 300 ## - PHYSICAL DESCRIPTION | |
| Extent | 705p.: |
| Other physical details | ill.; |
| Dimensions | 24 cm. |
| 440 ## - | |
| -- | McGraw-Hill series in finance, insurance, and real estate |
| 500 ## - GENERAL NOTE | |
| General note | distributer: Al-Ahram |
| 504 ## - BIBLIOGRAPHY, ETC. NOTE | |
| Bibliography, etc | Includes bibliographical references and index. |
| 511 ## - PARTICIPANT OR PERFORMER NOTE | |
| Participant or performer note | catalogue by: wessam |
| 650 ## - SUBJECT ADDED ENTRY--TOPICAL TERM | |
| Topical term or geographic name as entry element | Real estate business. |
| 700 ## - ADDED ENTRY--PERSONAL NAME | |
| Personal name | Archer, Wayne R. |
| 942 ## - ADDED ENTRY ELEMENTS (KOHA) | |
| Item type | Book - Borrowing |
| Call number prefix | 333.332 LIN |
| Withdrawn status | Item status | Damaged status | Not for loan | Home library | Current library | Shelving location | Date acquired | Source of acquisition | Total Checkouts | Full call number | Barcode | Date last seen | Koha item type |
|---|---|---|---|---|---|---|---|---|---|---|---|---|---|
| Central Library | Central Library | First floor | 27/11/2007 | Purchase | 333.332 LIN | 000008348 | 15/07/2025 | Book - Borrowing |